La Eneida

Gardado en:
Detalles Bibliográficos
Main Authors: Virgilio (Author), Virgilio Marón, Publio (Author)
Formato: Libro
Idioma:Lingua castelá
Publicado: Buenos Aires Espasa-Calpe 1951
Series:Colección Austral
Subjects:
Tags: Engadir etiqueta
Sen Etiquetas, Sexa o primeiro en etiquetar este rexistro!

MARC

LEADER 00000nam a2200000 a 4500
001 UCP4014
003 CL-VaPUC
008 990709e19510000AG |||||||||||||||||spa|d
082 0 4 |a 873  |b VIR  |2 21 
100 0 |a Virgilio  |e author  |9 266332 
700 0 |a Virgilio Marón, Publio  |e author  |9 266333 
245 1 3 |a La Eneida 
300 |a 274 p 
942 |c BK 
945 |d 19990709 00:00:00  |a lriquelm 
260 |a Buenos Aires  |b Espasa-Calpe  |c 1951 
600 0 7 |a VIRGILIO MARON, PUBLIO  |2 CL-VaPUC  |9 266333 
650 0 |a Poesías épicas latinas   |9 265355 
650 0 |a Literatura latina   |9 258055 
583 |a last modification  |c 20121218 08:06:47  |k Rodrigo Vera 
490 0 |a Colección Austral 
999 |c 282094  |d 282092 
952 |0 0  |1 0  |4 0  |6 873_000000000000000_VIR_1951  |7 0  |8 X  |9 323514  |a BIBHIS  |b BIBHIS  |d 2019-11-20  |i 1364421  |o 873 VIR 1951  |p 1364421  |r 2024-01-30  |w 2019-11-20  |y BK_X  |k HIS